Child development : (Record no. 4937)
[ view plain ]
| 000 -LEADER | |
|---|---|
| fixed length control field | 00875cam a22002294a 4500 |
| 020 ## - INTERNATIONAL STANDARD BOOK NUMBER | |
| ISBN | 0070605807 |
| 050 00 - CALL NUMBER | |
| Classification number | HQ767.9 |
| Item number | .D44 |
| 100 1# - AUTHOR | |
| Personal name | DeHart, Ganie. |
| 245 10 - TITLE | |
| Title | Child development : |
| Remainder of title | its nature and course / |
| Statement of responsibility, etc | Ganie B. DeHart, L. Alan Sroufe, Robert G. Cooper. |
| 250 ## - EDITION | |
| Edition statement | 4th ed. |
| 260 ## - PUBLICATION INFORMATION | |
| Place of publication | Boston : |
| Name of publisher | McGraw-Hill, |
| Year of publication | 2000. |
| 300 ## - DESCRIPTION | |
| Number of Pages | xxi, 613 p. : |
| Other physical details | ill. ; |
| Dimensions | 29 cm. |
| 500 ## - NOTES | |
| General note | Rev. ed. of: Child development / Alan L. Sroufe. 3rd ed. c1996. |
| 505 ## - FORMATTED CONTENTS NOTE | |
| Table of Content | Beginnings. Heredity and prenatal development. -Infancy. -Toddlerhood. -Early childhood. -Middle childhood. -Adolescence. -Disorders and resiliency. Developmental psychopathology. -Glossary. |
| 650 #0 - SUBJECTS | |
| Topical Term | Child development. |
| 650 #0 - SUBJECTS | |
| Topical Term | Child psychology. |
| 650 #0 - SUBJECTS | |
| Topical Term | Adolescence. |
| 700 1# - OTHER AUTHORS | |
| Personal name | Sroufe, L. Alan. |
| 700 1# - OTHER AUTHORS | |
| Personal name | Cooper, Robert G. |
| 700 1# - OTHER AUTHORS | |
| Personal name | Sroufe, L. Alan. |
| 942 ## - ADDED ENTRY ELEMENTS (KOHA) | |
| Koha item type | Books |
| Withdrawn status | Lost status | Home library | Current library | Date acquired | Full call number | Accession Number | Koha item type |
|---|---|---|---|---|---|---|---|
| Methodist University Library Tema | Methodist University Library Tema | 18/02/2004 | HQ767.9 .D44 | 16380 | Books |